Financialisation of Economy

Proces expanzie finančného sektora na národnej a medzinárodnej úrovni a riziká, ktoré sú s tým spojené. Analýza finančného systému a jeho komponentov. Finančný trh a jeho produkty sú hlavnými prvkami procesu financializácie ekonomiky.

Uložené v:
Podrobná bibliografia
Hlavný autor: Vakurin, Aleksandr V.
Médium: Kapitola
Jazyk:English
Predmet:
Tagy: Pridať tag
Žiadne tagy, Buďte prvý, kto otaguje tento záznam!

MARC

LEADER 00000nla a2200000 4500
001 0209651
005 20240417075102.4
041 0 |a eng 
044 |a SK 
245 1 0 |a Financialisation of Economy  |c Aleksandr V. Vakurin 
520 |a Proces expanzie finančného sektora na národnej a medzinárodnej úrovni a riziká, ktoré sú s tým spojené. Analýza finančného systému a jeho komponentov. Finančný trh a jeho produkty sú hlavnými prvkami procesu financializácie ekonomiky. 
610 2 0 |a trh finančný 
610 2 0 |a trh finančný medzinárodný 
610 2 0 |a riziko finančné 
100 1 |a Vakurin, Aleksandr V.